Statistics for Biggest Cities Starting with J by Country

Click here to take the quiz!

General Stats

  • This quiz has been taken 93 times
    (89 since last reset)
  • The average score is 13 of 112

Answers on the Map

Answers color-coded by a green-red scale on the quiz's map according to % correct below.
 

Answer Stats

CountryCityPopulation% Correct
BhutanJakar6,243
94%
IndonesiaJakarta9,607,787
91%
South AfricaJohannesburg7,860,781
90%
United StatesJacksonville911,507
85%
Saudi ArabiaJeddah3,430,697
83%
IndiaJaipur3,046,163
74%
IsraelJerusalem936,425
68%
MexicoCiudad {Juárez}1,460,200
64%
South SudanJuba230,195
59%
MalaysiaJohor Bahru642,944
47%
ChinaJinan3,641,562
46%
NigeriaJos510,300
42%
BrazilJoão Pessoa814,430
37%
KyrgyzstanJalal-Abad111,135
36%
AfghanistanJalalabad271,900
36%
GermanyJena111,343
36%
SpainJerez de la Frontera213,105
35%
SwedenJönköping141,081
33%
YemenJa'ar29,495
32%
FinlandJyväskylä128,911
22%
Sri LankaJaffna80,829
14%
United KingdomJarrow43,431
12%
IrelandJohnstown1,005
10%
South KoreaJeonju663,098
9%
Czech RepublicJihlava51,216
9%
UgandaJinja83,400
8%
LatviaJelgava56,062
6%
BangladeshJessore201,796
6%
CanadaJoliette45,508
6%
ArgentinaJunín90,400
6%
PakistanJhang414,131
5%
EthiopiaJimma177,900
5%
UzbekistanJizzakh177,447
5%
PhilippinesJolo125,564
5%
AustriaJudenburg9,853
5%
PeruJuliaca308,400
5%
HaitiJacmel39,643
4%
Costa RicaJacó14,400
4%
ItalyJesi39,995
4%
JapanJoetsu191,835
4%
SerbiaJagodina37,282
3%
IranJahrom141,634
3%
GuatemalaJalapa159,840
3%
NorwayJessheim17,319
3%
BahrainJidhafs30,099
3%
AlgeriaJijel131,513
3%
LithuaniaJonava26,423
3%
LebanonJounieh103,200
3%
KenyaJuja156,041
3%
HondurasJuticalpa69,850
3%
GambiaJalambang6,783
1%
OmanJalan Bani Bu Ali66,284
1%
AzerbaijanJalilabad44,800
1%
ColombiaJamundí130,100
1%
NepalJanakpur98,446
1%
Dominican RepublicJarabacoa26,996
1%
HungaryJászberény27,439
1%
PolandJaworzno91,115
1%
BruneiJerudong7,840
1%
SloveniaJesenice13,338
1%
KazakhstanJezkazgan87,250
1%
El SalvadorJiquilisco20,270
1%
SenegalJoal-Fadiouth45,903
1%
EstoniaJõhvi10,321
1%
SomaliaJowhar144,345
1%
NicaraguaJuigalpa52,596
1%
KuwaitJabir al-Ahmad32,469
0%
New ZealandJack's Point1,540
0%
MadagascarJafaro22,000
0%
CubaJagüey Grande28,870
0%
IraqJalawla62,117
0%
Marshall IslandsJaluit1,788
0%
AngolaJamba12,000
0%
BelarusJanavičy929
0%
Bosnia and HerzegovinaJanja10,542
0%
SyriaJaramana114,363
0%
SurinameJarikaba5,963
0%
CroatiaJastrebarsko5,493
0%
United Arab EmiratesJebel Ali31,634
0%
SlovakiaJelšava3,289
0%
TunisiaJemmal50,275
0%
Antigua and BarbudaJennings1,003
0%
MoroccoJerada43,506
0%
ArmeniaJermuk4,100
0%
BoliviaJesús de Machaca396
0%
BelgiumJette52,728
0%
RomaniaJimbolia10,808
0%
ComorosJimlimi5,335
0%
DominicaJimmit1,486
0%
TaiwanJinhu30,400
0%
MongoliaJinst2,023
0%
EcuadorJipijapa40,232
0%
PortugalJoane8,089
0%
Cape VerdeJoão Teves1,699
0%
AustraliaJoondalup9,302
0%
ParaguayJosé Falcón3,808
0%
FranceJoué-lès-Tours37,896
0%
PanamaJuan Demóstenes Arosemena33,704
0%
VenezuelaJuan Griego25,700
0%
UruguayJuan Lacaze12,816
0%
JordanJubeiha197,160
0%
EgyptJuhaynah71,174
0%
NetherlandsJulianadorp13,925
0%
LibyaJumayl39,344
0%
ZimbabweJumbo4,253
0%
JamaicaJunction4,034
0%
LuxembourgJunglinster8,090
0%
KosovoJunik6,053
0%
TajikistanJura Rahmonov33,405
0%
GeorgiaJvari4,361
0%
BotswanaJwaneng20,800
0%
DenmarkJyllinge10,197
0%

Score Distribution

Percentile by Number Answered

Percent of People with Each Score

Your Score History

You have not taken this quiz since the last reset